| 000 | 00849nam a2200253 a 4500 | ||
|---|---|---|---|
| 001 | 68771 | ||
| 003 | BD-RjUL | ||
| 005 | 20211209081816.0 | ||
| 008 | 170405s1949 nyua b 000 0 eng d | ||
| 035 | _a(BD-RjUL)68982 | ||
| 040 |
_aU.S. Dept. of Agr. Libr. _cFMU _dOCoLC _dDLC _dBD-RjUL _beng |
||
| 041 | _aeng | ||
| 082 |
_223 _a581.7 _bGAF 1949 |
||
| 100 | 1 |
_aGates, Frank C. _q(Frank Caleb), _d1887-1955. _9203809 |
|
| 245 | 1 | 0 |
_aField manual of plant ecology / _cby Frank C Gates. |
| 250 | _a1st ed. | ||
| 260 |
_aNew York : _bMcGraw-Hill Book Co., _c1949. |
||
| 300 |
_axv, 137 p. : _bill. ; _c24 cm. |
||
| 504 | _aIncludes bibliographies. | ||
| 650 | 0 |
_aPlant ecology. _9135339 |
|
| 830 |
_aMcGraw-Hill publications in the botanical sciences _9159695 |
||
| 942 |
_2ddc _cBK |
||
| 999 |
_c68771 _d68771 |
||